| 000 | | | 05596cam0a2200349#x 450 |
| 001 | | | e7e3a712-bb64-4565-aecb-990a6648a003 |
| 005 | | | 20250428161950.0 |
| 100 | ## | $a | 20250428j19450502k###0rusy50 ca |
| 101 | 0# | $a | ru |
| 102 | ## | $a | RU |
| 105 | ## | $a | y###z######## |
| 122 | 0# | $a | d19450502## |
| 200 | 1# | $a | Приказ Верховного Главнокомандующего И. В. Сталина № 359 по войскам Красной Армии и Военно-Морскому Флоту в связи с завершением разгрома берлинской группировки противника и овладением столицей Германии - Берлином |
| | $j | 2 мая 1945 г. |
| 251 | ## | $c | Документ |
| 300 | ## | $a | Типографский экз. |
| 461 | #0 | $1 | 2001 |
| | $a | Ф. 4 |
| | $1 | 251 |
| | $c | Фонд |
| | $1 | 852 |
| | $j | 4 |
| 462 | #0 | $1 | 2001 |
| | $a | Оп. 12 |
| | $1 | 251 |
| | $c | Опись |
| | $1 | 852 |
| | $j | 12 |
| 462 | #0 | $1 | 2001 |
| | $a | Д. 111 |
| | $v | Л. 160-161об. |
| | $1 | 251 |
| | $c | Дело |
| | $1 | 852 |
| | $j | 111 |
| 605 | ## | $2 | prlib_sh |
| | $3 | LIBNET\UAF\0000088514 |
| | $a | Вторая мировая война в архивных документах (Комплекс оцифрованных архивных документов, кино- и фотоматериалов) |
| | $l | коллекция |
| 605 | ## | $2 | acquisition_Prlib |
| | $3 | DITM\AF\0000002775 |
| | $a | Власть |
| | $l | коллекция |
| 605 | ## | $2 | acquisition_Prlib |
| | $3 | DITM\AF\0000003834 |
| | $a | Народ |
| | $l | коллекция |
| 606 | 1# | $2 | nlr_sh |
| | $3 | RU\NLR\AUTH\661312452 |
| | $a | Вторая мировая война |
| | $z | 1939 - 1945 |
| | $x | Четвертый период |
| | $z | 1944 - 1945 |
| | $j | Документы и материалы |
| 606 | 1# | $2 | nlr_sh |
| | $3 | RU\NLR\AUTH\661520861 |
| | $a | Великая Отечественная война |
| | $z | 1941 - 1945 |
| | $z | Третий период |
| | $z | 1944 - 1945 |
| | $j | Документы и материалы |
| 606 | 1# | $2 | nlr_sh |
| | $3 | RU\NLR\AUTH\66133598 |
| | $a | Берлинская операция |
| | $z | 1945 |
| | $j | Документы и материалы |
| 617 | ## | $a | Германия |
| | $f | 1945 |
| | $2 | prlib_sh |
| 686 | ## | $a | 63.3(2)622,13ю1 |
| | $v | LBC/M |
| | $2 | rubbk |
| 686 | ## | $a | 63.3(4Гем)62ю1 |
| | $v | LBC/M |
| | $2 | rubbk |
| 801 | #0 | $a | RU |
| | $b | ПБ им. Б.Н. Ельцина |
| | $c | 20250428 |
| 801 | #1 | $a | RU |
| | $b | ПБ им. Б.Н. Ельцина |
| | $c | 20250428 |
| | $2 | rusmarc |
| 801 | #2 | $a | RU |
| | $b | ПБ им. Б.Н. Ельцина |
| | $c | 20250428 |
| | $2 | rusmarc |
| 850 | ## | $a | Российский государственный военный архив |
| 852 | ## | $a | РГВА |
| | $j | Л. 160-161об. |
| 035 | ## | $a | LIBNET\0001470405 |
| 937 | ## | $d | 196711014 |
| | $h | Федеральное архивное агентство |
| 856 | 4# | $u | http://readingroom.main.prlib.ru/item.aspx?id_node=n196711014&mode=full |